000 00860nas a2200277 4500
001 BR8401554
003 BR-BrBNA
005 20231205085841.0
007 ta
008 230509b bl.|||p| |||| 00| 00por d
040 _aBR-BrBNA
_bpor
_cBiblioteca Nacional de Agricultura
041 _a(Pt)
072 _aL73
100 1 _aSantos, J.A. dos
100 1 _aFreitas, M. do A.Q. de
100 1 _aMagalhaes, H.
100 1 _aRibeiro, A. das G.P.
245 1 _aListeriose encefalica em bezerros [Listeria monocytogenes]
246 1 _aEncephalic listeriosis in calves [Listeria monocytogenes]
650 _aBEZERRO
650 _aLISTERIOSE
650 _aENCEFALITE
773 0 _tPesquisa Agropecuaria Brasileira (Brazil)
_xISSN 0100-204X
_g(Jan 1984), v. 19(1) p. 95-100
_wBR8401554
909 _a202311
_bLúcia
_c55
_dLúcia Elande
942 _2AGRIS
_n0
_cANA
999 _c114267
_d114267